000 00511nam a2200217Ia 4500
005 20241216010408.0
008 180423s9999||||xx |||||||||||||| ||und||
082 _a510
_bH21
100 _aHANLON, STUART Y OTRO
245 0 _aMATHEMATICS NEW AND OLD
250 _a0
260 _aU.S.A.
_bA LAUREL
_c1966
300 _a192 pag
_c18 cm
341 _h0
490 _v0
_a0
505 _aNEW-OLD MATHEMATICS
541 _aC
_d10-May-94
650 _aCIENCIAS PURAS
856 _zCC. Puras
942 _cLIBRO
999 _c13307
_d13307